| 000 | 003410000a22001450004500 | ||
|---|---|---|---|
| 041 | 0 | _aSPA | |
| 090 | _aAV 0002 | ||
| 100 | 1 | _aHamilton, Dan | |
| 245 | 1 | 0 | _aEl perdón cristiano / Dan Hamilton ; Adriana Powell, Traductor |
| 260 | _aBuenos Aires, Argentina : Certeza | ||
| 300 | _a27 Pag | ||
| 650 | 1 | 4 | _aPERDON |
| 001 | 4259 | ||
| 942 | _cBK | ||
| 999 |
_c34869 _d34869 |
||